| 000 | 00360nam a2200133Ia 4500 | ||
|---|---|---|---|
| 005 | 20260328104312.0 | ||
| 008 | 260328s9999||||xx |||||||||||||| ||und|| | ||
| 100 | _aNormanns, Gustavo | ||
| 245 | 0 |
_aNuestro Futuro conflictos y naturaleza / _cGustavo Normanns |
|
| 260 | _bUniversidad Rafael LandÃvar | ||
| 300 | _a112 p. | ||
| 650 | _aAMBIENTE | ||
| 942 | _cBK | ||
| 999 |
_c10990 _d10990 |
||